| 000 | 00694nas a22002054a 4500 | ||
|---|---|---|---|
| 008 | 070515c19899999spcqr ||| 0 ||cat|| | ||
| 022 | _a1135-1047 | ||
| 035 |
_a83628 _9ES-LlBP035 |
||
| 040 |
_aES-LlBP _bcat _cES-LlBP |
||
| 080 | _a301.153.2(05) | ||
| 245 | 0 | 0 |
_aCapçalera : _brevista del Col·legi de periodistes de Catalunya |
| 260 |
_aBarcelona : _bCol·legi de Periodistes de Catalunya, _c1989- |
||
| 300 | _b: 32 cm. | ||
| 310 | _aTrimestral | ||
| 362 | 1 | _aNúm. 1, (abril 1989) - | |
| 530 | _aTambé disponible en versió electrònica | ||
| 650 | 4 |
_aPeriodisme _xRevistes |
|
| 710 | 2 | _aCol·legi de Periodistes de Catalunya | |
| 752 |
_aEspanya _bCatalunya _cGirona (província) _dGirona |
||
| 999 |
_c6861 _d6861 |
||